Catálogo
 En Linea

El señorío de Fuentes de la Alcarria / (Registro nro. 22602)

Detalles MARC
000 -CABECERA
campo de control de longitud fija 00908nam a2200229 a 4500
001 - NÚMERO DE CONTROL
campo de control 000023105
005 - FECHA Y HORA DE LA ÚLTIMA TRANSACCIÓN
campo de control 20200930022006.0
008 - DATOS DE LONGITUD FIJA--INFORMACIÓN GENERAL
campo de control de longitud fija 101126s1994 sp a 001 0 spa d
020 ## - NÚMERO INTERNACIONAL ESTÁNDAR DEL LIBRO
Número Internacional Estándar del Libro 8460508110
040 ## - FUENTE DE LA CATALOGACIÓN
Centro catalogador/agencia de origen DO-SdBNP
Lengua de catalogación spa
Centro/agencia transcriptor BNPHU
082 ## - NÚMERO DE LA CLASIFICACIÓN DECIMAL DEWEY
Número de clasificación 946.49
Número de documento/Ítem G731s
049 ## - FONDOS LOCALES (OCLC)
Fondos de biblioteca BNGR
100 1# - ENTRADA PRINCIPAL--NOMBRE DE PERSONA
Nombre de persona Gracia Abad, María Carmen
9 (RLIN) 47569
245 13 - MENCIÓN DE TÍTULO
Título El señorío de Fuentes de la Alcarria /
Mención de responsabilidad, etc. María Carmen Gracia Abad ; prólogo de Miguel Rodríguez Gutiérrez.
260 ## - PUBLICACIÓN, DISTRIBUCIÓN, ETC.
Lugar de publicación, distribución, etc. Guadalajara, Madrid :
Nombre del editor, distribuidor, etc. Asociación Cultural "El Arco",
Fecha de publicación, distribución, etc. 1994.
300 ## - DESCRIPCIÓN FÍSICA
Extensión 437 p. :
Otras características físicas il. ;
Dimensiones 30 cm.
504 ## - NOTA DE BIBLIOGRAFÍA, ETC.
Nota de bibliografía, etc. Incluye referencias bibliográficas y notas al pie de las páginas.
590 ## - NOTA LOCAL (RLIN)
Nota local La biblioteca posee 2 ejemplares edicados por la Asociación Sociocultura "El ARCO".
651 #4 - PUNTO DE ACCESO ADICIONAL DE MATERIA--NOMBRE GEOGRÁFICO
Nombre geográfico Alcarria (España{Rpara}
Subdivisión general Descripciones Y Viajes
9 (RLIN) 47570
700 1# - PUNTO DE ACCESO ADICIONAL--NOMBRE DE PERSONA
Nombre de persona Rodríguez Gutiérrez, Miguel,
Término indicativo de función/relación pról.
9 (RLIN) 47571
910 ## - DATOS DE OPCIÓN DEL USUARIO (OCLC)
Datos de opción del usuario WM
Existencias
Estado de retiro Estado de pérdida Restricciones de uso No para préstamo Código de colección Localización permanente Ubicación/localización actual Ubicación en estantería Fecha de adquisición Número de inventario Total de préstamos Signatura topográfica completa Código de barras Fecha visto por última vez Precio válido a partir de Tipo de ítem Koha Número de copia
        Monografías: Libros y Folletos General General Depósito 26.11.2010 LF1   946.49 G731s 23105-10 25.06.2020 25.06.2020 Préstamo en sala  
      Préstamo restrigido Monografías: Libros y Folletos General General Depósito 26.11.2010 LF1   946.49 G731s 23105-20 25.06.2020 25.06.2020 Préstamo en sala e.2

Con tecnología Koha